| 000 | 00724cam a2200253 4500500 | ||
|---|---|---|---|
| 005 | 20260405001454.0 | ||
| 041 | _afre | ||
| 042 | _adc | ||
| 100 | 1 | 0 |
_aCompagnon, Antoine _eauthor |
| 245 | 0 | 0 | _aÀ la recherche de la ruralité perdue |
| 260 | _c2013. | ||
| 500 | _a73 | ||
| 690 | _aAlimentation | ||
| 690 | _aAnimal | ||
| 690 | _aAntoine Compagnon | ||
| 690 | _aLittérature | ||
| 690 | _aModernité | ||
| 690 | _aProust | ||
| 690 | _aRuralité | ||
| 690 | _aSalon de l’agriculture | ||
| 690 | _aViande | ||
| 786 | 0 | _nPhilosophie magazine | 68 | 4 | 2013-04-01 | p. 17-19 | 1951-1787 | |
| 856 | 4 | 1 | _uhttps://shs.cairn.info/magazine-philosophie-magazine-2013-4-page-17?lang=fr&redirect-ssocas=7080 |
| 999 |
_c2048042 _d2048042 |
||